Land cover change investigation in the southern Syrian coastal basins during the past 30-years using landsat remote sensing data

Land cover change and deforestation are important global ecosystem hazards. As for Syria, the current conflict and the subsequent absence of the forest preservation are main reasons for land cover change. This study aims to investigate the temporal and spatial aspects and trends of the land cover al...

Teljes leírás

Elmentve itt :
Bibliográfiai részletek
Szerzők: Hammad Muhannad
Mucsi László
Van Leeuwen Boudewijn
Dokumentumtípus: Cikk
Megjelent: 2018
Sorozat:Journal of environmental geography 11 No. 1-2
Kulcsszavak:Ökológia
Tárgyszavak:
Online Access:http://acta.bibl.u-szeged.hu/55799
LEADER 02551nab a2200241 i 4500
001 acta55799
005 20221129091037.0
008 181110s2018 hu o 0|| eng d
022 |a 2060-467X 
040 |a SZTE Egyetemi Kiadványok Repozitórium  |b hun 
041 |a eng 
100 1 |a Hammad Muhannad 
245 1 0 |a Land cover change investigation in the southern Syrian coastal basins during the past 30-years using landsat remote sensing data  |h [elektronikus dokumentum] /  |c  Hammad Muhannad 
260 |c 2018 
300 |a 45-51 
490 0 |a Journal of environmental geography  |v 11 No. 1-2 
520 3 |a Land cover change and deforestation are important global ecosystem hazards. As for Syria, the current conflict and the subsequent absence of the forest preservation are main reasons for land cover change. This study aims to investigate the temporal and spatial aspects and trends of the land cover alterations in the southern Syrian coastal basins. In this study, land cover maps were made from surface reflectance images of Landsat-5(TM), Landsat-7(ETM+ ) and Landsat-8(OLI) during May (period of maximum vegetation cover) in 1987, 2002 and 2017. The images were classified into four different thematic classes using the maximum likelihood supervised classification method. The classification results were validated using 160 validation points in 2017, where overall accuracy was 83.75%. Spatial analysis was applied to investigate the land cover change during the period of 30 years for each basin and the whole study area. The results show 262.40 km2 reduction of forest and natural vegetation area during (1987-2017) period, and 72.5% of this reduction occurred during (2002-2017) period due to over-cutting of forest trees as a source of heating by local people, especially during the conflict period. This reduction was particularly high in the Alabrash and Hseen basins with 76.13 and 79.49 km2 respectively, and was accompanied by major increase of agriculture lands area which is attributed to dam construction in these basins which allowed people to cultivate rural lands for subsistence or to enhance their economic situation. The results of this study must draw the relevant authorities’ attention to preserve the remaining forest area. 
650 4 |a Természettudományok 
650 4 |a Föld- és kapcsolódó környezettudományok 
695 |a Ökológia 
700 0 1 |a Mucsi László  |e aut 
700 0 2 |a Van Leeuwen Boudewijn  |e aut 
856 4 0 |u http://acta.bibl.u-szeged.hu/55799/1/journal_geo_011_001_002_045-051.pdf  |z Dokumentum-elérés